Prečo sa vaša ulica volá Adlerova

Bibliographic Details
Format: Article
Language:Slovak
PhysicalDescription:Obr.
ISSN:1335-4566
Subjects:
Online Access:www.korzar.sk

MARC

LEADER 00000nab a2200000 a 4500
001 vtls008934663
003 SK-MaSNL
005 20260303070612.0
008 070111 20070111xo dr er 000 0 slo
038 |a KEVKJB 
040 |a KEVKJB  |b slo  |c KEVKJB  |e AACR2 
041 0 |a slo 
044 |a xo  |c SK 
080 |a 711.73  |2 2001 
080 |a 929 Adler, Karol  |2 2001 
080 |a 81`373.21  |2 2001 
245 0 0 |a Prečo sa vaša ulica volá Adlerova  |c [autor] (pod) 
300 |b Obr. 
600 1 7 |a Adler, Karol,  |d 1910-1944   |2 kevkjb  |9 189909 
650 0 7 |a názvy ulíc  |2 kevkjb  |9 23567 
650 0 7 |a ulice  |x názvy  |z Košice (Slovensko)  |2 kevkjb  |9 1032707 
651 7 |a Košice (Slovensko)  |2 kevkjb  |9 18694 
651 7 |a Adlerova ulica (Košice, Slovensko)  |2 kevkjb  |9 879900 
651 7 |a Dargovských hrdinov (Košice III, Slovensko)  |2 kevkjb  |9 29903 
773 0 |t Košický denník Korzár  |g Roč. X, č. 8 (11.1.2007), s. 2  |x 1335-4566 
852 |a KEVKJB  |b KIS3GCP 
856 4 1 |u www.korzar.sk 
958 |a BX 
999 |c 1756085  |d 1758015